Most Viewed TV Shows on Wikipedia - Statistics

General Stats
  • This quiz has been taken 1,481 times
  • The average score is 7 of 25
Answer Stats
Views TV Show % Correct
54 m Friends
84%
111 m Game of Thrones
64%
74 m Breaking Bad
62%
46 m The Office (US)
50%
95 m The Big Bang Theory
48%
45 m The Simpsons
48%
81 m How I Met Your Mother
43%
50 m Family Guy
41%
63 m Grey's Anatomy
38%
80 m The Walking Dead
31%
49 m House
27%
52 m Lost
26%
64 m Doctor Who
15%
43 m NCIS
15%
51 m Dexter
14%
46 m The Vampire Diaries
13%
43 m Two and a Half Men
12%
69 m Glee
10%
45 m Sherlock
9%
53 m Naruto
5%
45 m Sons of Anarchy
5%
46 m Arrow
3%
43 m True Blood
3%
43 m Once Upon a Time
2%
47 m X-Men
2%
No matching quizzes found
Score Distribution
Percent of People with Each Score
Percentile by Number Answered
Your Score History
You have not taken this quiz